Geography Quiz

Random Geography or City Quiz
Score 0/20 Timer 08:00
0 Plays Today
Population % Correct
781,870Indianapolis
99.8%
102,746Gary
93.8%
205,727 Fort Wayne
92.7%
121,582 Evansville
91.8%
107,789 South Bend
89.5%
69,291 Bloomington
84.3%
67,430Muncie
73.8%
56,397 Lafayette
73.8%
59,614 Terre Haute
72.7%
37,733Carmel
66.7%
Population % Correct
46,113Kokomo
57.8%
59,734 Anderson
57.2%
83,048 Hammond
54.8%
37,835 Fishers
52.5%
51,874 Elkhart
49.7%
39,124 Richmond
49.2%
39,059Columbus
49%
46,557 Mishawaka
37.8%
37,603 New Albany
32.3%
38,915Lawrence
24.3%
Remove Ads.
Support Sporcle.
Get the best of Sporcle when you Go Orange. This ad-free experience offers more features, more stats, and more fun while also helping to support Sporcle. Thank you for becoming a member.

You're not logged in!

Compare scores with friends on all Sporcle quizzes.
OR
Log In

Show Comments

Extras

Top Quizzes Today


Score Distribution

Your Account Isn't Verified!

In order to create a playlist on Sporcle, you need to verify the email address you used during registration. Go to your Sporcle Settings to finish the process.

Report this User

Report this user for behavior that violates our Community Guidelines.

Details: